000
00319 a2200157 4500
001
167822
020
_a
040
_c
Magnum
100
_a
Machado, Ana Maria
240
1
0
_a
Os cacadores de mel
_l
por
245
1
0
_a
Os cacadores de mel
362
0
_a
1899
440
1
_a
Moderna
697
_a
IJ/CONTOS
942
_c
BK
999
_c
167822
_d
167822